000 01232cam a22003734a 4500
001 12634839
003 OSt
005 20140310181627.0
008 020104s2002 nyua j 001 0 spa
010 _a 2002100066
020 _a9788120731936
035 _a(DLC) 2002100066
040 _aDLC
_cDLC
_dDLC
041 1 _aeng
_hspa
042 _apcc
_alcac
050 0 0 _aQB 46
_b.Es78 2008
082 0 0 _aREF 520
_221
_bP21 2006
100 1 _aTola, José.
240 1 0 _aAtlas de astronomia.
_lEnglish
245 1 0 _aEssential atlas of astronomy /
250 _a1st English language ed.
260 _aNew York :
_bBarrons Educational Series,
_cc2008.
300 _a96 p. :
_bill. col. ;
_c29 cm.
500 _aIncludes index.
520 _a1. Astronomy--Juvenile literature
521 _aBasic Ed. Students
541 _j1
562 _e1
650 0 _aAstronomy
_vJuvenile literature.
856 4 2 _3Publisher description
_uhttp://www.loc.gov/catdir/description/barrons041/2002100066.html
906 _a7
_bcbc
_corignew
_d2
_eepcn
_f20
_gy-gencatlg
942 _2lcc
_cBK-GR
_kREF
999 _c354
_d354